000 00848nam a2200253 i 4500
001 175357
003 ES-MaACL
005 20230906215816.0
007 t|
008 101025s1972 sp o r ||||1| spa d
080 _a73 Failde, Antonio
080 _a929 Failde, Antonio
100 1 _aTrabazo, Luis.
_9111202
245 1 0 _aA. Failde /
_cLuis Trabazo.
260 _a[Madrid :
_bDirección General de Bellas Artes,
_c1972]
300 _a83 p. :
_bfot. bl. y n. ;
_c17 cm.
490 1 _aArtistas españoles contemporáneos. Escultores ;
_v19
504 _aBibliografía: p. 81-83.
600 0 4 _aFailde, Antonio.
_9143725
710 1 _aEspaña.
_bDirección General de Bellas Artes.
_93704
830 0 _aArtistas españoles contemporáneos. Escultores ;
_v19
_9189662
852 _aES-MaACL
_j2261-F-19
_xOlim P-1916
999 _c175357
_d175357